00510nam a2200181 a 4500001001300000003000900013005001700022008004100039020002300080082001800103100002000121245006800141260003700209300000900246500003500255650001800290700002000308nice12345678IN_TiNIC20260116014221.0080811s2005 dela grp 000 0 eng  a8183240526 c57500a306.0954bBUR aBurman, J J Roy aGuarat Unknownb Hindu-Muslims Syncretism and Humanistic Forays aDelhibMittal Publication c2005 a212p aincludes index and biblioraphy aCulture-India1 aBurman, J J Roy